| 000 | 00437nam a2200169Ia 4500 | ||
|---|---|---|---|
| 008 | 221030s9999 xx 000 0 und d | ||
| 020 | _a9812400699 | ||
| 041 | _aEnglish | ||
| 082 |
_a105.23 _bFly |
||
| 100 | _aI. M. Flynn | ||
| 245 | 0 |
_aUnderstanding Operating Systems _cby I. M. Flynn, A. M. Mchoes |
|
| 260 |
_bThomson Learning _aSingapore _c2001 |
||
| 300 | _a462 | ||
| 650 | _aBE Computer | ||
| 700 | _aA. M. Mchoes | ||
| 942 | _cBK | ||
| 999 |
_c7976 _d7976 |
||